000 00739cam a2200181 4500
001 X120699
008 021206n2002 000 0 eng u
035 _a(Sirsi) u120699
245 _aGibson Investment Ltd v Chesterton plc
260 _c2002
490 _aProperty, Planning and Compensation Reports
_v[2002] 2 P&CR 494-511(18)
520 _aChD 11 January 2002. Loss of office buildings. Tenant's repairing covenant. Exterior of building in disrepair. Alternative methods of repair. Whether method favoured by tenant was appropriate. (Taken from journal headnote)
650 _aGIBSON INVESTMENTS V CHESTERTON
650 _aREPAIRING COVENANTS
650 _aCRACKING
690 _aBUILDING SURVEYING-CASE LAW
942 _n0
999 _c71724
_d71724